[Event "4NCL Division 4 South"]
[Site "Maidenhead, ENG"]
[Date "2020.01.11"]
[Round "3.23"]
[White "Sandhu, Manvith"]
[Black "Hussain, Adam"]
[Result "0-1"]
[WhiteElo "1832"]
[BlackElo "1885"]
[PlyCount "124"]
[EventDate "2020.01.11"]
[WhiteTeam "Warwickshire Select 2"]
[BlackTeam "Wood Green Youth"]

1. e4 e6 2. d4 d5 3. Bd3 dxe4 4. Bxe4 Nf6 5. Bf3 c5 6. Ne2 Nc6 7. Be3 Be7 8.
O-O O-O 9. dxc5 Qc7 10. c3 Ne5 11. Ng3 Nxf3+ 12. Qxf3 Bd7 13. Nd2 Bc6 14. Qe2
Nd5 15. Nb3 Nxe3 16. Qxe3 Bd5 17. Ne4 h6 18. Rfe1 a5 19. Nd6 a4 20. Nd2 b6 21.
c4 Bc6 22. N2e4 bxc5 23. Nb5 Bxb5 24. cxb5 Rfb8 25. Nc3 $11 Bf6 26. Rab1 Ra5
27. Qd3 c4 28. Qc2 a3 29. bxa3 Rxa3 30. Ne4 Be5 31. Ng3 Bxg3 32. hxg3 Qc5 33.
b6 Rxg3 34. Re4 c3 35. Kf1 Rg6 36. Re3 Rxb6 37. Rxb6 Qxb6 38. Rxc3 Qb7 39. f3
Qb5+ 40. Qd3 Qg5 41. Qc2 Qh4 42. Qf2 $11 Qf4 43. Qe3 Qa4 44. Qd2 Qa6+ 45. Kg1
Qb6+ 46. Kf1 h5 47. Rb3 Qc7 48. Rb4 e5 49. Rb2 e4 50. Rb3 Qe5 51. fxe4 Qa1+ 52.
Kf2 Qh1 53. Rg3 Qh4 54. Qe3 Qf6+ 55. Qf3 Qb2+ 56. Kg1 Rf6 57. Qc3 Qb6+ 58. Kh2
h4 59. Qc8+ Kh7 60. Qh3 Qd6 61. Kg1 Qxg3 62. Qd7 Rf2 0-1

[Event "4NCL Division 4 South"]
[Site "Maidenhead, ENG"]
[Date "2020.01.11"]
[Round "3.24"]
[White "Desai, Nilomi"]
[Black "Chen, Daniel Xingyu"]
[Result "1-0"]
[WhiteElo "1840"]
[BlackElo "1705"]
[PlyCount "83"]
[EventDate "2020.01.11"]
[WhiteTeam "Wood Green Youth"]
[BlackTeam "Warwickshire Select 2"]

1. d4 Nf6 2. Nf3 g6 3. g3 Bg7 4. Bg2 O-O 5. O-O d6 6. c4 Nbd7 7. Qc2 c5 8. Rd1
Rb8 9. Nc3 a6 10. a4 Qc7 11. b3 Rd8 12. Bb2 b6 13. e4 Bb7 14. Rac1 Nf8 15. Qe2
cxd4 16. Nd5 Nxd5 17. cxd5 d3 18. Rxd3 Qd7 19. Bxg7 Kxg7 20. Rdc3 Rbc8 21. Nd4
Rxc3 22. Rxc3 Rc8 23. Qc2 a5 24. Bf1 Rc5 25. f4 e6 26. Bb5 Qc8 27. Rxc5 dxc5
28. Nc6 exd5 29. exd5 Nd7 30. Qe4 Nf6 31. Qe5 Qg4 32. Be2 Qd7 33. Bf3 Qe8 34.
Ne7 c4 35. g4 cxb3 36. g5 Qxa4 37. gxf6+ Kf8 38. Qb8+ Qe8 39. Qxb7 Qb5 40. Qb8+
Qe8 41. Qxb6 Qa4 42. Qb8+ 1-0

[Event "4NCL Division 4 South"]
[Site "Maidenhead, ENG"]
[Date "2020.01.11"]
[Round "3.25"]
[White "Shearsby, Jude"]
[Black "Dias, Ruwan"]
[Result "1-0"]
[WhiteElo "1757"]
[BlackElo "1497"]
[PlyCount "97"]
[EventDate "2020.01.11"]
[WhiteTeam "Warwickshire Select 2"]
[BlackTeam "Wood Green Youth"]

1. d4 d5 2. Bf4 Bf5 3. e3 Nf6 4. Bd3 Bg6 5. Nf3 e6 6. Ne5 Nbd7 7. Nd2 c5 8. Bb5
a6 9. Nxd7 Nxd7 10. Be2 cxd4 11. exd4 Be7 12. O-O O-O 13. Nf3 Rc8 14. c3 Nf6
15. Ne5 Bd6 16. Bd3 Qc7 17. Re1 Nh5 18. Bxg6 hxg6 19. Qg4 Nxf4 20. Qxf4 f6 21.
Qg4 fxe5 22. Qxe6+ Rf7 23. dxe5 Bc5 24. Re2 Qc6 25. Qg4 Re8 26. e6 Rf6 27. Rae1
Qd6 28. a3 Qf4 29. Qxf4 Rxf4 30. g3 Rc4 31. Re5 d4 32. R5e4 b5 33. Re5 dxc3 34.
b3 Bd6 35. bxc4 Bxe5 36. Rxe5 c2 37. Re1 Rxe6 38. Rc1 bxc4 $11 39. Rxc2 Re1+
40. Kg2 Ra1 41. Rc3 Kf7 42. Kf3 Rd1 43. Ke3 Rd3+ 44. Rxd3 cxd3 45. Kxd3 Ke6 46.
Ke4 Kf6 47. Kd5 Kg5 48. f3 Kf5 49. Kc6 1-0

[Event "4NCL Division 4 South"]
[Site "Maidenhead, ENG"]
[Date "2020.01.11"]
[Round "3.26"]
[White "Lazarevic, Ljubica"]
[Black "Monga, Kanav"]
[Result "1-0"]
[WhiteElo "1416"]
[BlackElo "1645"]
[PlyCount "43"]
[EventDate "2020.01.11"]
[WhiteTeam "Wood Green Youth"]
[BlackTeam "Warwickshire Select 2"]

1. e4 c5 2. Nc3 d6 3. f4 Nf6 4. d3 g6 5. g3 Bg7 6. Bg2 Nc6 7. Nge2 Bg4 8. h3
Bd7 9. Be3 Qb6 10. O-O Nd4 11. Rb1 O-O 12. g4 Bxg4 13. hxg4 Nxg4 14. Nd5 Qd8
15. Nxd4 cxd4 16. Qxg4 e6 17. Bd2 exd5 18. Qg5 Qc7 19. Rbc1 dxe4 20. Bxe4 Rae8
21. f5 Qc5 22. f6 1-0

[Event "4NCL Division 4 South"]
[Site "Maidenhead, ENG"]
[Date "2020.01.11"]
[Round "3.31"]
[White "Rathbone-Jones, Ifan"]
[Black "Rice, Chris B"]
[Result "1-0"]
[WhiteElo "2042"]
[BlackElo "2027"]
[PlyCount "65"]
[EventDate "2020.01.11"]
[WhiteTeam "Fischer's Catch"]
[BlackTeam "CSC 2"]

1. d4 Nf6 2. Bf4 b6 3. Nf3 Bb7 4. Nbd2 g6 5. e3 Bg7 6. Bd3 O-O 7. Qe2 d6 8. e4
Nbd7 9. c4 e5 10. dxe5 dxe5 11. Bg5 Nc5 12. Bc2 Ne6 13. Nb3 Nxg5 14. Nxg5 a5
15. Rd1 Qe7 16. O-O Nh5 17. Nf3 Nf4 18. Qe3 Ba6 19. Nbd2 Rad8 20. g3 Ne6 21.
Bd3 Rd7 22. Nb1 Rfd8 23. Nc3 Qb4 24. Nd5 Qxb2 25. Be2 Rxd5 26. exd5 Nd4 27.
Nxd4 exd4 28. Qe7 Rc8 29. Rfe1 Qxa2 30. Qd7 Qa3 31. c5 Bb7 32. c6 Qa4 33. Ra1
1-0

[Event "4NCL Division 4 South"]
[Site "Maidenhead, ENG"]
[Date "2020.01.11"]
[Round "3.32"]
[White "Fink-Nunn, Petra"]
[Black "Sivarajasingam, Venetia"]
[Result "0-1"]
[WhiteElo "2000"]
[BlackElo "1742"]
[PlyCount "96"]
[EventDate "2020.01.11"]
[WhiteTeam "CSC 2"]
[BlackTeam "Fischer's Catch"]

1. e4 e6 2. d4 d5 3. Nc3 dxe4 4. Nxe4 Nd7 5. g3 Ngf6 6. Nxf6+ Nxf6 7. Nf3 c5 8.
Bg2 Qb6 9. O-O Be7 10. a4 O-O 11. a5 Qb5 12. Ne5 Rd8 13. c3 cxd4 14. cxd4 Bd7
15. a6 Nd5 16. axb7 Qxb7 17. Qh5 Be8 18. Qf3 Rac8 19. h4 Qb4 20. Be3 a5 21. Nd3
Qb5 22. Bd2 a4 23. Rfc1 Qb6 24. Be3 Bf6 25. Qg4 Qb5 26. Bf1 Rxc1 27. Rxc1 Qb8
28. h5 Rc8 29. Qe2 Bb5 30. Qd2 Rxc1 31. Qxc1 Bxd3 32. Bxd3 Nxe3 33. Qxe3 Qxb2
34. Qe4 Qa1+ 35. Kg2 g6 36. Qa8+ Kg7 37. h6+ Kxh6 38. Qf8+ Bg7 39. Qxf7 Qxd4
40. Qxe6 Qxd3 41. Qh3+ Kg5 42. Qh4+ Kf5 43. Qxa4 Qe4+ 44. Qxe4+ Kxe4 45. f4 Kf5
46. Kf3 h5 47. Kg2 Kg4 48. Kf2 Bd4+ 0-1

[Event "4NCL Division 4 South"]
[Site "Maidenhead, ENG"]
[Date "2020.01.11"]
[Round "3.33"]
[White "Sivarajasingam, Shayanna"]
[Black "Amato, Giampiero"]
[Result "1/2-1/2"]
[WhiteElo "1778"]
[BlackElo "2006"]
[PlyCount "202"]
[EventDate "2020.01.11"]
[WhiteTeam "Fischer's Catch"]
[BlackTeam "CSC 2"]

1. e4 e5 2. Nf3 Nf6 3. Nxe5 d6 4. Nf3 Nxe4 5. Nc3 Nxc3 6. dxc3 Be7 7. Bf4 Nc6
8. Qd2 Be6 9. O-O-O Qd7 10. Kb1 a6 11. Ng5 Bxg5 12. Bxg5 f6 13. Be3 O-O-O 14.
Be2 Qf7 15. a3 Rhe8 16. h3 Kb8 17. Rhe1 Re7 18. f4 Bf5 19. Bf3 Rde8 20. Bd5 Qg6
21. Bb3 Na5 22. Ka1 Nxb3+ 23. cxb3 Bc2 24. Rc1 Bxb3 25. g4 Re4 26. Bf2 Bg8 27.
Rxe4 Rxe4 28. Re1 Qf7 29. b4 Rxf4 30. Bd4 b6 31. Bxb6 Kb7 32. Bd4 Qb3 33. Qb2
Qc4 34. Qe2 Qb3 35. Qb2 Qd5 36. Qd2 Rf3 37. Qg2 Rxh3 38. Qxd5+ Bxd5 39. Re7
Rh1+ 40. Kb2 Rh2+ 41. Kc1 Rg2 42. Rxg7 h5 43. Bxf6 hxg4 44. Bd4 Bb3 45. Kb1 Kc6
46. Rg5 Bd5 47. Kc1 Bc4 48. Kb1 d5 49. a4 Bd3+ 50. Kc1 Bc2 51. b5+ axb5 52.
axb5+ Kxb5 53. Rxd5+ Kc4 54. Rc5+ Kd3 55. Rxc7 Rh2 56. Re7 Rh1+ 57. Kb2 Rb1+
58. Ka3 Kc4 59. Rc7+ Kd5 60. Rg7 Bd1 61. Rg5+ Kc4 62. Rc5+ Kd3 63. Rc6 Rb3+ 64.
Ka2 Rb7 65. Rb6 Rh7 66. Ka3 Rh5 67. Rg6 Bf3 68. Kb4 Rh1 69. Kc5 Rh3 70. Rg5 g3
71. Rg7 g2 72. Rg5 Ke4 73. Rg7 Rh5+ 74. Kb4 Kf5 75. Kc5 Bg4 76. Re7 Rh1 77. Kb6
Rb1+ 78. Kc5 Rd1 79. Bf2 Rf1 80. Bd4 Rd1 81. Bf2 Kf6 82. Re4 Bf5 83. Re2 Rf1
84. Bd4+ Kf7 85. Rxg2 Rc1 86. Rf2 Ke6 87. Rd2 Rc2 88. Rd1 Bg4 89. Rh1 Rg2 90.
Rb1 Bf3 91. Rb4 Rg5+ 92. Kb6 Rg8 93. Rc4 Rb8+ 94. Ka5 Kd5 95. Rc5+ Kd6 96. c4
Rb1 97. Rf5 Be2 98. Rf6+ Ke7 99. c5 Rb5+ 100. Ka4 Rxc5 101. Bxc5+ Kxf6 1/2-1/2

[Event "4NCL Division 4 South"]
[Site "Maidenhead, ENG"]
[Date "2020.01.11"]
[Round "3.34"]
[White "Fowler, David"]
[Black "Chong, Kimberly"]
[Result "0-1"]
[WhiteElo "1966"]
[BlackElo "1777"]
[PlyCount "92"]
[EventDate "2020.01.11"]
[WhiteTeam "CSC 2"]
[BlackTeam "Fischer's Catch"]

1. d4 Nf6 2. Nc3 d5 3. Bg5 e6 4. e4 dxe4 5. Nxe4 Be7 6. Bxf6 Bxf6 7. c3 Nd7 8.
Bd3 b6 9. Qf3 Rb8 10. Nxf6+ Qxf6 11. Qxf6 Nxf6 12. Bb5+ Nd7 13. Nf3 O-O 14.
O-O-O a6 15. Bxd7 Bxd7 16. Ne5 Be8 17. Rhe1 f6 18. Nf3 Bf7 19. b4 a5 20. a3
axb4 21. axb4 Ra8 22. Kb2 e5 23. Ra1 Rxa1 24. Rxa1 e4 25. Nd2 f5 26. Ra7 Rc8
27. h4 Kf8 28. g3 h6 29. c4 Ke7 30. Kc3 Kd6 31. Nf1 g5 32. c5+ Kc6 33. hxg5
hxg5 34. Ne3 f4 35. gxf4 gxf4 36. Ng4 Kb5 37. Ne5 Be6 38. Ng6 e3 39. Nxf4 exf2
40. Ra1 Bc4 41. Nd3 Rf8 42. Rf1 Rf3 43. Rxf2 Rxd3+ 44. Kc2 Rxd4 45. cxb6 cxb6
46. Rf6 Rd3 0-1

[Event "4NCL Division 4 South"]
[Site "Maidenhead, ENG"]
[Date "2020.01.11"]
[Round "3.35"]
[White "Fraser, Susanna"]
[Black "Lawson, Maurice E"]
[Result "0-1"]
[WhiteElo "1634"]
[BlackElo "1966"]
[PlyCount "128"]
[EventDate "2020.01.11"]
[WhiteTeam "Fischer's Catch"]
[BlackTeam "CSC 2"]

1. d4 d5 2. c4 c6 3. Nf3 Nf6 4. g3 e6 5. Bg2 Bd6 6. O-O O-O 7. b3 Nbd7 8. Bb2
Ne4 9. Nbd2 Nxd2 10. Qxd2 Qe7 11. Ne5 Nxe5 12. dxe5 Ba3 13. cxd5 exd5 14. Bc3
Bf5 15. Rfe1 Rfd8 16. Qf4 Bg6 17. Rad1 Bc5 18. b4 d4 19. Bxd4 Bxb4 20. Rf1 Bc5
21. Ba1 Qe6 22. Qa4 Qf5 23. Qc4 Bxf2+ 24. Kh1 Rxd1 25. Rxd1 Bb6 26. e4 Qe6 27.
Qa4 Qe7 28. Bd4 Bh5 29. Rf1 Rd8 30. Bc3 Be2 31. Re1 Bb5 32. Qc2 Qc5 33. a4 Bxa4
34. Qxa4 Qxc3 35. Rf1 Qxe5 36. Qc4 Qe6 37. Qe2 Bd4 38. Bf3 Re8 39. Qd3 c5 40.
Qb5 b6 41. Qd3 g6 42. Re1 Qa2 43. Be2 Qa5 44. Rf1 Qb4 45. Bd1 Kg7 46. Bb3 Re7
47. Qf3 Qc3 48. Qd1 b5 49. Bd5 Be5 50. Rf3 Qa1 51. Qxa1 Bxa1 52. Ra3 Bd4 53.
Ra5 b4 54. Kg2 Kf6 55. Kf3 Ke5 56. Ke2 f5 57. Kd3 fxe4+ 58. Bxe4 b3 59. Bf3 b2
60. Kc2 Rf7 61. Bd1 Rf2+ 62. Kb1 Rf1 63. Kc2 Rxd1 64. Kxd1 b1=Q+ 0-1

[Event "4NCL Division 4 South"]
[Site "Maidenhead, ENG"]
[Date "2020.01.11"]
[Round "3.36"]
[White "Wolf, Gabriel"]
[Black "Jaberansari, Daniel"]
[Result "1-0"]
[WhiteElo "1935"]
[BlackElo "1434"]
[PlyCount "87"]
[EventDate "2020.01.11"]
[WhiteTeam "CSC 2"]
[BlackTeam "Fischer's Catch"]

1. d4 Nf6 2. c4 e5 3. dxe5 Ng4 4. Bf4 Nc6 5. Nf3 Bb4+ 6. Nc3 Qe7 7. Rc1 Ngxe5
8. Nxe5 Nxe5 9. e3 O-O 10. Be2 d6 11. O-O Bxc3 12. Rxc3 Re8 13. b4 Nd7 14. Qc2
Nf6 15. Bg5 Qe5 16. Bxf6 Qxf6 17. c5 dxc5 18. Rxc5 c6 19. a4 Be6 20. Bf3 Rac8
21. Rc1 Qd8 22. Qe2 Qb6 23. Qb2 h6 24. a5 Qd8 25. a6 bxa6 26. Qa3 Qd2 27. Bxc6
Red8 28. Bf3 Rxc5 29. bxc5 Bc4 30. Qc3 Qxc3 31. Rxc3 Be6 32. Kf1 Bd5 33. Ke2
Bxf3+ 34. Kxf3 Kf8 35. Ke4 Ke7 36. Ra3 Rc8 37. Kd5 Rd8+ 38. Kc4 Rd2 39. Rxa6
Rxf2 40. Rxa7+ Ke6 41. Ra6+ Ke7 42. Kd5 Rd2+ 43. Kc6 Rxg2 44. Kb7 1-0

[Event "4NCL Division 4 South"]
[Site "Maidenhead, ENG"]
[Date "2020.01.11"]
[Round "3.41"]
[White "Tucker, David S"]
[Black "Rudge, Jerry F"]
[Result "1-0"]
[WhiteElo "2002"]
[BlackElo "2110"]
[PlyCount "61"]
[EventDate "2020.01.11"]
[WhiteTeam "War and Piece"]
[BlackTeam "Watford 1"]

1. e4 c5 2. Nf3 e6 3. d4 cxd4 4. Nxd4 a6 5. Bd3 Nf6 6. c4 Qc7 7. Nc3 g6 8. O-O
Bg7 9. Be3 d6 10. Rc1 O-O 11. h3 Nfd7 12. Qe2 Nc6 13. Nxc6 bxc6 14. Rfd1 Bb7
15. Rd2 f5 16. f4 e5 17. g3 Rae8 18. Qf1 Nf6 19. exf5 e4 20. Be2 gxf5 21. Rcd1
Rd8 22. Qf2 Qb8 23. Ba7 Qc8 24. Bb6 Qe6 25. Qe3 Rd7 26. Na4 Qe7 27. Kh2 Kh8 28.
Nc5 dxc5 29. Bxc5 Qe8 30. Bxf8 Bxf8 31. Rxd7 1-0

[Event "4NCL Division 4 South"]
[Site "Maidenhead, ENG"]
[Date "2020.01.11"]
[Round "3.42"]
[White "Karamazondo, Ernest"]
[Black "Portman, Carl S"]
[Result "0-1"]
[WhiteElo "2087"]
[BlackElo "1868"]
[PlyCount "90"]
[EventDate "2020.01.11"]
[WhiteTeam "Watford 1"]
[BlackTeam "War and Piece"]

1. e4 e6 2. d4 d5 3. e5 c5 4. c3 Nc6 5. Nf3 Qb6 6. a3 Nh6 7. b4 cxd4 8. cxd4
Nf5 9. Bb2 Bd7 10. Be2 Be7 11. O-O Rc8 12. Qd3 a6 13. Nbd2 Nb8 14. Nb3 Bb5 15.
Qd2 Bxe2 16. Qxe2 O-O 17. Rac1 Qa7 18. Nc5 b6 19. Nd3 Qd7 20. Nf4 Rxc1 21. Rxc1
Rc8 22. Rxc8+ Qxc8 23. g4 Nh4 24. Nxh4 Bxh4 25. Ng2 Be7 26. f4 Qc4 27. Qxc4
dxc4 28. Ne3 b5 29. d5 exd5 30. Nxd5 Bd8 31. Bd4 Kf8 32. Kf2 Ke8 33. Ke3 Nc6
34. Bc5 Kd7 35. Ke4 Ne7 36. Ne3 a5 37. f5 axb4 38. axb4 Kc6 39. Nc2 Kb7 40. Nd4
Ka6 41. e6 fxe6 42. Nxe6 Nc6 43. Nxg7 c3 44. Ke3 Ne5 45. h3 Bg5+ 0-1

[Event "4NCL Division 4 South"]
[Site "Maidenhead, ENG"]
[Date "2020.01.11"]
[Round "3.43"]
[White "Chapman, Chas"]
[Black "Nelson, Omowale"]
[Result "0-1"]
[WhiteElo "1709"]
[BlackElo "2005"]
[PlyCount "96"]
[EventDate "2020.01.11"]
[WhiteTeam "War and Piece"]
[BlackTeam "Watford 1"]

1. e4 c6 2. d4 d5 3. exd5 cxd5 4. Bd3 Nc6 5. c3 Qc7 6. Qb3 Nf6 7. h3 Nxd4 8.
Qa4+ Nc6 9. Ne2 e5 10. O-O Be7 11. Be3 O-O 12. Nd2 Be6 13. Rfb1 a6 14. b4 e4
15. Bc2 b5 16. Qa3 a5 17. Qc1 axb4 18. cxb4 Nxb4 19. Nd4 Bd7 20. a3 Nxc2 21.
Nxc2 Rfc8 22. Nb4 Qe5 23. Qb2 Bd6 24. Qxe5 Bxe5 25. Ra2 h6 26. Nb3 Rc4 27. Bd2
d4 28. Rc1 Be6 29. Nc6 Rxc6 30. Rxc6 Bxb3 31. Rb2 Bc4 32. Bb4 d3 33. Rd2 Bf4
34. Rd1 Bb3 35. Rb1 Bc2 36. Rb2 Bc1 37. Ra2 Nd5 38. Rcxc2 dxc2 39. Rxc2 Nxb4
40. axb4 Ra1 41. g3 Bd2+ 42. Kg2 Bxb4 43. Re2 Bc5 44. Rxe4 Ra2 45. Re5 Rxf2+
46. Kh1 Rc2 47. Rd5 b4 48. Rd3 Rc3 0-1

[Event "4NCL Division 4 South"]
[Site "Maidenhead, ENG"]
[Date "2020.01.11"]
[Round "3.44"]
[White "Luberto, Michael"]
[Black "Ross, David C"]
[Result "1-0"]
[WhiteElo "1952"]
[BlackElo "1679"]
[PlyCount "77"]
[EventDate "2020.01.11"]
[WhiteTeam "Watford 1"]
[BlackTeam "War and Piece"]

1. e4 e5 2. Nf3 Nc6 3. Bb5 a6 4. Ba4 Nf6 5. O-O b5 6. Bb3 Bb7 7. c3 Be7 8. Re1
O-O 9. d3 d6 10. Nbd2 Na5 11. Bc2 c5 12. Nf1 Re8 13. Bg5 Nc6 14. Nh4 Nd7 15.
Bxe7 Nxe7 16. Ne3 Nf6 17. Ng4 Nxg4 18. Qxg4 Bc8 19. Qf3 d5 20. exd5 Qxd5 21.
Re4 Ng6 22. Qh5 Nf4 23. Rxf4 g6 24. Qf3 Qd8 25. Qxa8 exf4 26. g3 Qe7 27. Qe4
Qd7 28. Qxf4 Re2 29. Rc1 Qe7 30. Qb8 Qe6 31. Bb3 c4 32. dxc4 Kg7 33. cxb5 Re1+
34. Rxe1 Qxe1+ 35. Kg2 Qe4+ 36. Nf3 Bb7 37. Qf4 Qe7 38. bxa6 Bxa6 39. Qe5+ 1-0

[Event "4NCL Division 4 South"]
[Site "Maidenhead, ENG"]
[Date "2020.01.11"]
[Round "3.45"]
[White "O'Byrne, Daniel"]
[Black "Lancaster, Roger"]
[Result "0-1"]
[WhiteElo "1669"]
[BlackElo "1892"]
[PlyCount "72"]
[EventDate "2020.01.11"]
[WhiteTeam "War and Piece"]
[BlackTeam "Watford 1"]

1. d4 e6 2. c4 Nf6 3. Nc3 Bb4 4. a3 Bxc3+ 5. bxc3 b6 6. f3 d5 7. cxd5 exd5 8.
Bg5 Bb7 9. Nh3 h6 10. Bxf6 Qxf6 11. Qd2 O-O 12. e3 Re8 13. Kf2 Nd7 14. g3 Rad8
15. Bd3 c5 16. Rhe1 Qd6 17. a4 Nf6 18. Kg1 Bc8 19. Nf2 h5 20. Rad1 Re7 21. e4
cxd4 22. cxd4 dxe4 23. Bxe4 Rde8 24. Re3 Bd7 25. Qc2 Nd5 26. Ree1 Nb4 27. Qb3
Kh8 28. Rf1 f5 29. Bb1 a5 30. Kg2 Nd5 31. Ba2 Ne3+ 32. Kg1 Qb4 33. Nd3 Qxd4 34.
Nf4 Nxd1+ 35. Kh1 Re1 36. Ng6+ Kh7 0-1

[Event "4NCL Division 4 South"]
[Site "Maidenhead, ENG"]
[Date "2020.01.11"]
[Round "3.46"]
[White "Pigott, Darrell N"]
[Black "Nelder, Allan"]
[Result "1-0"]
[WhiteElo "1877"]
[BlackElo "1653"]
[PlyCount "67"]
[EventDate "2020.01.11"]
[WhiteTeam "Watford 1"]
[BlackTeam "War and Piece"]

1. e4 d6 2. d4 Nf6 3. Nc3 g6 4. f3 Bg7 5. Be3 c6 6. Qd2 h5 7. O-O-O b5 8. Bd3
Qa5 9. Kb1 Be6 10. d5 Bd7 11. dxc6 Bxc6 12. Nxb5 Qd8 13. Nxa7 Qd7 14. Nxc6 Nxc6
15. Bb5 O-O 16. e5 Ne8 17. Qd5 Rc8 18. f4 Qb7 19. Nf3 e6 20. Bxc6 Rxc6 21. Qe4
d5 22. Qd3 Nd6 23. Nd2 Nf5 24. Nb3 Rfc8 25. Na5 Qc7 26. Nxc6 Qxc6 27. Bc1 f6
28. Rde1 Qc7 29. exf6 Bxf6 30. Rxe6 Nd4 31. Qxg6+ Bg7 32. Re8+ Rxe8 33. Qxe8+
Kh7 34. Qxh5+ 1-0

[Event "4NCL Division 4 South"]
[Site "Maidenhead, ENG"]
[Date "2020.01.11"]
[Round "3.51"]
[White "Phillips, William"]
[Black "Valentine, Brian J"]
[Result "1/2-1/2"]
[WhiteElo "1839"]
[BlackElo "1959"]
[PlyCount "31"]
[EventDate "2020.01.11"]
[WhiteTeam "Cambridge University 3"]
[BlackTeam "MK Phoenix 2"]

1. d4 Nf6 2. Nf3 e6 3. g3 b6 4. Bg2 Bb7 5. O-O Be7 6. b3 O-O 7. Bb2 c5 8. Nbd2
cxd4 9. Nxd4 Bxg2 10. Kxg2 Qc7 11. e4 a6 12. Rc1 Nc6 13. Qe2 Rac8 14. Nxc6 Qxc6
15. c4 d6 16. f4 1/2-1/2

[Event "4NCL Division 4 South"]
[Site "Maidenhead, ENG"]
[Date "2020.01.11"]
[Round "3.52"]
[White "Reed, Darren"]
[Black "Lim, Mark"]
[Result "1-0"]
[WhiteElo "1949"]
[BlackElo "1794"]
[PlyCount "148"]
[EventDate "2020.01.11"]
[WhiteTeam "MK Phoenix 2"]
[BlackTeam "Cambridge University 3"]

1. e4 e6 2. d4 d5 3. Nc3 Nf6 4. Bg5 dxe4 5. Nxe4 Nbd7 6. Nf3 h6 7. Nxf6+ Nxf6
8. Bh4 c5 9. c3 Be7 10. Bd3 O-O 11. O-O Bd7 12. dxc5 Bxc5 13. Ne5 Be8 14. Qf3
Qd5 15. Qe2 Nd7 16. Nxd7 Qxd7 17. Rfd1 Qc7 18. Qe4 g6 19. Bf6 Be7 20. Be5 Qc6
21. Qe3 Kh7 22. Be4 Qb5 23. c4 Qa6 24. Bf4 f5 25. Bd3 g5 26. Be5 Bh5 27. Rdc1
Qc6 28. Bd4 Bf6 29. Bxf6 Rxf6 30. Qe5 Rf7 31. Re1 Rd8 32. Be2 Bxe2 33. Qxe2 Rd4
34. b3 Re4 35. Qd3 Rd7 36. Qc2 Rdd4 37. f3 Rxe1+ 38. Rxe1 Qd7 39. Qe2 Rd6 40.
c5 Rc6 41. Rd1 Qe7 42. b4 a5 43. a3 axb4 44. axb4 Qc7 45. Qd2 b6 46. Qd7+ Kg6
47. Qxc7 Rxc7 48. cxb6 Rc6 49. b7 Rb6 50. Rd6 Rxb7 51. Rd4 Kf6 52. Kf2 Ke5 53.
Ke3 h5 54. g3 h4 55. f4+ gxf4+ 56. gxf4+ Kf6 57. Kd3 Rc7 58. b5 Rc5 59. Rb4 e5
60. b6 e4+ 61. Kd4 Rc8 62. b7 Rb8 63. Kc5 e3 64. Kc6 e2 65. Rb1 Re8 66. Re1
Re6+ 67. Kb5 Re3 68. Kc4 Re8 69. Kc5 Rb8 70. Kc6 Re8 71. Kc7 Re7+ 72. Kb6 Re6+
73. Ka7 Re3 74. b8=Q Ra3+ 1-0

[Event "4NCL Division 4 South"]
[Site "Maidenhead, ENG"]
[Date "2020.01.11"]
[Round "3.53"]
[White "Breed, Greg J"]
[Black "Cox, Toby"]
[Result "1/2-1/2"]
[WhiteElo "1787"]
[BlackElo "1930"]
[PlyCount "123"]
[EventDate "2020.01.11"]
[WhiteTeam "Cambridge University 3"]
[BlackTeam "MK Phoenix 2"]

1. d4 e6 2. c4 f5 3. Nf3 d6 4. Nc3 Nf6 5. Bg5 Be7 6. e3 O-O 7. Be2 Qe8 8. O-O
b6 9. b4 Bb7 10. c5 bxc5 11. Bxf6 Rxf6 12. bxc5 dxc5 13. Qb3 Bc8 14. Nb5 Na6
15. Qc4 c6 16. Nc3 Nc7 17. Qa4 Nd5 18. Nxd5 exd5 19. Rab1 c4 20. Rb2 Bd6 21. g3
a5 22. Qc2 Ba6 23. Rfb1 Rf8 24. a4 Bb4 25. Ne5 c5 26. Bf3 Rd8 27. Ra2 Rf6 28.
h4 g6 29. Kg2 Bc8 30. Be2 f4 31. Rf1 Bf5 32. Qd1 fxe3 33. fxe3 Qe6 34. Rf4 Be4+
35. Kh2 Rdf8 36. Bg4 Bf5 37. Be2 Qe7 38. Bf3 Qd6 39. Rf2 Be6 40. Bg4 Rxf4 41.
gxf4 cxd4 42. Qxd4 Bxg4 43. Nxg4 h5 44. Ne5 Bc5 45. Qd2 Kh7 46. Rg2 Rf6 47. Rg5
d4 48. Nxc4 dxe3 49. Qxd6 Bxd6 50. Nxd6 Re6 51. Rg1 Rxd6 52. Re1 Re6 53. Kg3
Re4 54. Kf3 Rxa4 55. Rxe3 Kg7 56. Re6 Ra3+ 57. Ke4 Rh3 58. Ra6 Rxh4 59. Rxa5
Rh3 60. Ra7+ Kh6 61. Ra6 Rg3 62. f5 1/2-1/2

[Event "4NCL Division 4 South"]
[Site "Maidenhead, ENG"]
[Date "2020.01.11"]
[Round "3.54"]
[White "Matthews, Adrian M S"]
[Black "O'shea, Colm"]
[Result "1-0"]
[WhiteElo "1815"]
[BlackElo "1706"]
[PlyCount "61"]
[EventDate "2020.01.11"]
[WhiteTeam "MK Phoenix 2"]
[BlackTeam "Cambridge University 3"]

1. e4 c5 2. c3 Nf6 3. e5 Nd5 4. Bc4 Nb6 5. Bb3 c4 6. Bc2 d6 7. d4 cxd3 8. Qxd3
dxe5 9. Qxd8+ Kxd8 10. Nf3 f6 11. O-O e6 12. a4 Bd6 13. Na3 Bxa3 14. Rxa3 a5
15. c4 Nxc4 16. Rd1+ Ke7 17. Rc3 Nb6 18. Rc7+ N6d7 19. Nxe5 fxe5 20. Bg5+ Kf7
21. Rd3 Re8 22. Bb3 h6 23. Rf3+ Kg6 24. Bc2+ Kxg5 25. h4+ Kxh4 26. Rg3 Nc6 27.
Bd1 Rf8 28. Rg4+ Kh5 29. Rxg7+ Kh4 30. g3+ Kh3 31. Bg4# 1-0

[Event "4NCL Division 4 South"]
[Site "Maidenhead, ENG"]
[Date "2020.01.11"]
[Round "3.55"]
[White "Chopra, Manmay"]
[Black "Whiteside, Robert"]
[Result "0-1"]
[WhiteElo "1608"]
[BlackElo "1789"]
[PlyCount "94"]
[EventDate "2020.01.11"]
[WhiteTeam "Cambridge University 3"]
[BlackTeam "MK Phoenix 2"]

1. e4 e6 2. d4 d5 3. e5 c5 4. Nf3 Qb6 5. Bd3 Bd7 6. O-O Bb5 7. b3 Bxd3 8. Qxd3
Nc6 9. Nc3 cxd4 10. Na4 Qc7 11. Bf4 Nge7 12. Nxd4 Nxd4 13. Qxd4 Nc6 14. Qe3 Be7
15. Qg3 g5 16. Bd2 Qxe5 17. Qd3 d4 18. Rae1 Qd5 19. c4 Qd7 20. f4 h6 21. c5
O-O-O 22. b4 Nxb4 23. Qb3 Nc6 24. fxg5 Bxg5 25. Bxg5 hxg5 26. Qa3 Qc7 27. g3
Rh7 28. Nb2 Qa5 29. Qxa5 Nxa5 30. Re5 Rg8 31. Re4 Nc6 32. Nc4 Kd7 33. Rd1 f6
34. Rf1 Rh6 35. Rb1 Rb8 36. Rbe1 e5 37. g4 b6 38. cxb6 axb6 39. Rb1 b5 40. Nd2
Rh3 41. Nb3 Rc3 42. Re2 Ne7 43. Nd2 Rc2 44. a4 Nd5 45. Rf2 Nf4 46. Kf1 Rbc8 47.
Rd1 Rc1 0-1

[Event "4NCL Division 4 South"]
[Site "Maidenhead, ENG"]
[Date "2020.01.11"]
[Round "3.56"]
[White "Obi, Marc On"]
[Black "Ivan, Austin"]
[Result "1-0"]
[WhiteElo "1783"]
[BlackElo "1293"]
[PlyCount "133"]
[EventDate "2020.01.11"]
[WhiteTeam "MK Phoenix 2"]
[BlackTeam "Cambridge University 3"]

1. d4 f5 2. Bg5 h6 3. Bh4 g5 4. e4 Nf6 5. e5 e6 6. exf6 Qxf6 7. Be2 gxh4 8.
Bh5+ Kd8 9. Nc3 Bb4 10. Nge2 Bxc3+ 11. Nxc3 Nc6 12. d5 Qe5+ 13. Be2 Nd4 14.
dxe6 Nxe2 15. Nxe2 Qxe6 16. O-O d6 17. Re1 Re8 18. Qd2 Bd7 19. Qb4 Qe4 20. Nd4
Qd5 21. Nf3 Re4 22. Qc3 Qf7 23. Qh8+ Qe8 24. Qxh6 Qe6 25. Qxe6 Bxe6 26. Nxh4
Kd7 27. g3 Rxh4 28. gxh4 Rg8+ 29. Kf1 Bc4+ 30. Re2 Rg4 31. Rae1 Rxh4 32. Kg2
Bxe2 33. Rxe2 c5 34. f3 Ra4 35. a3 b5 36. Kg3 b4 37. axb4 Rxb4 38. c3 Rc4 39.
h4 Ra4 40. h5 Ra6 41. h6 Rb6 42. Kf4 d5 43. Kg5 Rb8 44. h7 Kd6 45. Kg6 f4 46.
Rh2 d4 47. h8=Q Rxh8 48. Rxh8 dxc3 49. bxc3 Kd5 50. Ra8 Kc4 51. Rxa7 Kxc3 52.
Kf5 Kd3 53. Kxf4 c4 54. Rd7+ Kc2 55. Ke3 c3 56. f4 Kb2 57. Rb7+ Kc2 58. f5 Kd1
59. Rd7+ Kc1 60. Kd3 c2 61. Rc7 Kd1 62. Rxc2 Ke1 63. Ra2 Kf1 64. Ke3 Kg1 65.
Kf3 Kh1 66. Kg3 Kg1 67. Ra1# 1-0